00523 a2200217 4500260001000000630002500010037001300035650002800048100002000076700002600096260003200122245004300154300001100197650003000208260000900238300000900247100000700256037001200263037001200275020001800287 aParis a657 - Comptabilité b2, Achat a6 - SCIENCES APPLIQUEES aGibert, Patrick aHachmanian, Elisabeth bLes Editions d'Organisation aExercices de comptabilité analytique a125 p. aComptabilité analytique c1984 b22cm lFr aDe 6909 aDe 6910 a2-7081-0567-1